[Event "Berlin Lichtenberger op 17th"]
[Site "Berlin"]
[Date "2018.08.20"]
[Round "3"]
[White "Tschernatsch, Johannes"]
[Black "Wolff, Marie Antoinette"]
[Result "1-0"]
[WhiteElo "1714"]
[BlackElo "1780"]
[PlyCount "103"]
[EventDate "2018.08.18"]
[EventType "swiss"]
[EventRounds "9"]
[EventCountry "GER"]
[SourceTitle "CBM 186 Extra"]
[Source "ChessBase"]
[SourceDate "2018.08.24"]
[SourceVersion "1"]
[SourceVersionDate "2018.08.24"]
[SourceQuality "1"]

1. e4 c5 2. c3 Nc6 3. d4 cxd4 4. cxd4 d6 5. d5 Ne5 6. f4 Nd7 7. Nf3 Qc7 8. Nc3 Ngf6 9. Nb5 Qb6 10. e5 Ng4 11. Qe2 dxe5 12. fxe5 a6 13. Nc3 Nc5 14. Qc4 Bf5 15. h3 Nd3+ 16. Bxd3 Qf2+ 17. Kd1 Qxg2 18. Bxf5 Qxf3+ 19. Qe2 Nf2+ 20. Ke1 Qxh1+ 21. Kxf2 Qh2+ 22. Ke1 Qg1+ 23. Qf1 Qg3+ 24. Kd1 Qxe5 25. Kc2 g6 26. Be4 Rc8 27. Bg2 Bg7 28. Bd2 0-0 29. Re1 Qd6 30. Kb1 Qb4 31. Qf3 Rc5 32. a3 Qb3 33. Rxe7 b5 34. d6 b4 35. axb4 Qxb4 36. Qd3 Rb5 37. Nd1 Qa4 38. Bc3 Bxc3 39. Nxc3 Qb3 40. Qc2 Rd8 41. Qxb3 Rxb3 42. Bd5 Rb6 43. Ne4 Rbxd6 44. Nxd6 Rxd6 45. Bxf7+ Kf8 46. Ra7 h5 47. Bc4 Rd4 48. Bxa6 g5 49. Be2 Rh4 50. Ra3 Ke7 51. Kc2 Kd6 52. Rg3 1-0

[Event "Berlin Lichtenberger op 16th"]
[Site "Berlin"]
[Date "2017.08.21"]
[Round "3"]
[White "Hoemke, Holger"]
[Black "Wolff, Marie Antoinette"]
[Result "0-1"]
[WhiteElo "1540"]
[BlackElo "1778"]
[PlyCount "66"]
[EventDate "2017.08.19"]
[EventType "swiss"]
[EventRounds "9"]
[EventCountry "GER"]
[SourceTitle "CBM 180 Extra"]
[Source "ChessBase"]
[SourceDate "2017.10.06"]
[SourceVersion "1"]
[SourceVersionDate "2017.10.06"]
[SourceQuality "1"]

1. c4 e5 2. Nc3 Nc6 3. g3 g6 4. Bg2 Bg7 5. e3 Nge7 6. Nge2 0-0 7. d4 exd4 8. exd4 d6 9. 0-0 Nf5 10. Be3 Nxe3 11. fxe3 Rb8 12. a3 Re8 13. e4 Bg4 14. Bf3 Bxf3 15. Rxf3 Qd7 16. Qd3 Rf8 17. Raf1 Ne7 18. b4 c6 19. a4 d5 20. exd5 cxd5 21. c5 Nf5 22. b5 a6 23. Rb1 axb5 24. axb5 Rfe8 25. Ra1 Qd8 26. b6 Re6 27. Raf1 Qe8 28. R1f2 Ra8 29. Nb5 Ra1+ 30. Kg2 Ne3+ 31. Kh3 g5 32. Rxe3 Rxe3 33. Nd6 Qe6+ 0-1

[Event "GER-chT U20 Girls"]
[Site "Borken"]
[Date "2016.12.28"]
[Round "3.1"]
[White "Peglau, Mirjam"]
[Black "Wolff, Marie Antoinette"]
[Result "0-1"]
[WhiteElo "1593"]
[BlackElo "1749"]
[PlyCount "72"]
[EventDate "2016.12.27"]
[EventType "team-swiss"]
[EventRounds "7"]
[EventCountry "GER"]
[SourceTitle "EXT 2018"]
[Source "ChessBase"]
[SourceDate "2017.10.13"]
[SourceVersion "1"]
[SourceVersionDate "2017.10.13"]
[SourceQuality "1"]
[WhiteTeam "Bannewitz"]
[BlackTeam "Leegebruch"]
[WhiteTeamCountry "GER"]
[BlackTeamCountry "GER"]

1. e4 c5 2. Nf3 e6 3. d4 cxd4 4. Nxd4 Nf6 5. Nc3 Bb4 6. f3 a6 7. Be3 Qc7 8. Qd3 d5 9. Bd2 0-0 10. 0-0-0 Bxc3 11. Bxc3 dxe4 12. Qd2 Nd5 13. fxe4 Nxc3 14. bxc3 Nd7 15. Nb3 Nc5 16. Qe3 Na4 17. c4 Bd7 18. Qg3 Rac8 19. Qxc7 Rxc7 20. Be2 Nc3 21. Rde1 Nxa2+ 22. Kb2 Nb4 23. Kc3 Nc6 24. Rd1 Ne5 25. Kb4 Bc6 26. Bf3 Rfc8 27. Na5 h6 28. Rd6 b6 29. Nxc6 Rxc6 30. Rxc6 Rxc6 31. Be2 Rc5 32. Rd1 Nc6+ 33. Ka4 Na7 34. Rd8+ Kh7 35. Rd7 Nc6 36. Rxf7 Ra5+ 0-1

[Event "GER-ch U25-A"]
[Site "Willingen"]
[Date "2016.05.21"]
[Round "9"]
[White "Marx, Inga"]
[Black "Wolff, Marie Antoinette"]
[Result "1/2-1/2"]
[WhiteElo "1759"]
[BlackElo "1786"]
[PlyCount "111"]
[EventDate "2016.05.15"]
[EventType "swiss"]
[EventRounds "9"]
[EventCountry "GER"]
[SourceTitle "CBM 172 Extra"]
[Source "ChessBase"]
[SourceDate "2016.06.21"]
[SourceVersion "1"]
[SourceVersionDate "2016.06.21"]
[SourceQuality "1"]

1. e4 c5 2. Nf3 Nc6 3. d4 cxd4 4. Nxd4 d6 5. Be2 Nf6 6. Nc3 g6 7. Be3 Bg7 8. 0-0 0-0 9. Qd2 Nxd4 10. Bxd4 Bd7 11. e5 dxe5 12. Bxe5 Bf5 13. Rfd1 Qb6 14. Na4 Qc6 15. Nc3 Ne4 16. Nxe4 Bxe5 17. Nc3 Rac8 18. Nd5 Qd6 19. c3 Rfd8 20. Qh6 Bg7 21. Qe3 Kf8 22. Qxa7 Qe6 23. Bf3 Be4 24. Bxe4 Qxe4 25. Nb6 Rxd1+ 26. Rxd1 Qe2 27. Qa4 Re8 28. Nd7+ Kg8 29. Nb6 Rf8 30. Qb3 e5 31. g3 e4 32. Nd5 Bh6 33. c4 Bg5 34. Ne3 h5 35. Qc2 Qf3 36. Re1 h4 37. Nd5 hxg3 38. hxg3 Re8 39. Qe2 Qf5 40. b4 Bh6 41. Qg4 Qxg4 42. Nf6+ Kg7 43. Nxg4 Bd2 44. Re2 Bxb4 45. Rb2 Bc3 46. Rxb7 Rc8 47. Ne3 Bd2 48. a4 Bxe3 49. fxe3 Rxc4 50. a5 Rc3 51. Kf2 Rc2+ 52. Kf1 Ra2 53. Ra7 Ra3 54. Ke2 Ra2+ 55. Kf1 Ra3 56. Kf2 1/2-1/2

[Event "GER-ch U25-A"]
[Site "Willingen"]
[Date "2016.05.17"]
[Round "4"]
[White "Salem Elier, Ali"]
[Black "Wolff, Marie Antoinette"]
[Result "0-1"]
[WhiteElo "1778"]
[BlackElo "1786"]
[PlyCount "68"]
[EventDate "2016.05.15"]
[EventType "swiss"]
[EventRounds "9"]
[EventCountry "GER"]
[SourceTitle "CBM 172 Extra"]
[Source "ChessBase"]
[SourceDate "2016.06.21"]
[SourceVersion "1"]
[SourceVersionDate "2016.06.21"]
[SourceQuality "1"]

1. e4 c5 2. d4 cxd4 3. c3 dxc3 4. Nxc3 Nc6 5. Nf3 g6 6. Bc4 Bg7 7. Qd5 e6 8. Qd1 Nge7 9. Bf4 Qb6 10. 0-0 Qxb2 11. Nb5 Qxa1 12. Qd3 Nb4 13. Qd6 Qb2 14. Nc7+ Kf8 15. Nxa8 Nbc6 16. Bd5 Qb4 17. Qc7 Qa5 18. Re1 Qxc7 19. Nxc7 e5 20. Be3 b6 21. Ng5 Nxd5 22. exd5 Ne7 23. Rc1 f6 24. Ne4 Bb7 25. Nc3 Nf5 26. g4 Nxe3 27. fxe3 Bh6 28. Kf2 Ke7 29. Rd1 d6 30. N7b5 Rc8 31. Ne4 Rc2+ 32. Kg3 Bxe3 33. Nexd6 Bf4+ 34. Kf3 Ba6 0-1

[Event "GER-chT U20 Girls"]
[Site "Osnabrueck"]
[Date "2015.12.27"]
[Round "1.2"]
[White "Wolff, Marie Antoinette"]
[Black "Koch, Elisabeth"]
[Result "1-0"]
[WhiteElo "1667"]
[BlackElo "1717"]
[PlyCount "67"]
[EventDate "2015.12.27"]
[EventType "team-swiss"]
[EventRounds "7"]
[EventCountry "GER"]
[SourceTitle "EXT 2017"]
[Source "ChessBase"]
[SourceDate "2016.10.25"]
[SourceVersion "1"]
[SourceVersionDate "2016.10.25"]
[SourceQuality "1"]
[WhiteTeam "Leegebruch"]
[BlackTeam "Weissensee Chemie U20 Girls"]
[WhiteTeamCountry "GER"]
[BlackTeamCountry "GER"]

1. c4 e5 2. Nc3 Nf6 3. g3 c6 4. Bg2 d5 5. cxd5 cxd5 6. d3 Nc6 7. Bg5 Be6 8. Bxf6 gxf6 9. Nf3 f5 10. e3 Bh6 11. 0-0 f4 12. exf4 exf4 13. Re1 fxg3 14. hxg3 Qa5 15. a3 0-0-0 16. b4 Qb6 17. Na4 Qb5 18. Nc5 Bg4 19. Nd4 Bxd1 20. Bh3+ Kb8 21. Nxb5 a6 22. Nd7+ Rxd7 23. Bxd7 Bc2 24. Nd6 Rf8 25. Bxc6 bxc6 26. Re7 Bxd3 27. Rb7+ Ka8 28. Rb6 f5 29. Rxc6 Rf6 30. Rd1 Be2 31. Rxd5 Re6 32. Rxf5 Bg4 33. Rxa6+ Kb8 34. Rb5+ 1-0

[Event "Berlin Lichtenberger op 14th"]
[Site "Berlin"]
[Date "2015.08.18"]
[Round "4"]
[White "Wolff, Marie Antoinette"]
[Black "Heerde, Thomas"]
[Result "0-1"]
[WhiteElo "1643"]
[BlackElo "1967"]
[PlyCount "112"]
[EventDate "2015.08.15"]
[EventType "swiss"]
[EventRounds "9"]
[EventCountry "GER"]
[SourceTitle "EXT 2016"]
[Source "ChessBase"]
[SourceDate "2015.10.08"]
[SourceVersion "1"]
[SourceVersionDate "2015.10.08"]
[SourceQuality "1"]

1. c4 f5 2. Nc3 Nf6 3. Nf3 d6 4. d4 g6 5. g3 Bg7 6. Bg2 0-0 7. Be3 Ng4 8. Bf4 e5 9. dxe5 dxe5 10. Bg5 Qxd1+ 11. Rxd1 Nc6 12. Nb5 e4 13. Nxc7 Rb8 14. Nd2 Bxb2 15. 0-0 h6 16. Bf4 g5 17. Bd6 Rd8 18. Nb5 a6 19. Bxb8 axb5 20. Bc7 Rd7 21. cxb5 Nd4 22. Nc4 Bc3 23. b6 Nxe2+ 24. Kh1 Rxd1 25. h3 Nxf2+ 26. Kh2 Rxf1 27. Bxf1 Nd4 28. Nd6 Be6 29. Nxb7 Bd5 30. Nd6 Ba5 31. Bc4 Bxc4 32. Nxc4 Nc6 33. Kg2 Nd3 34. Kf1 Kf7 35. Nd6+ Ke6 36. Nb5 Ndb4 37. b7 Bxc7 38. Nxc7+ Kd7 39. Nb5 Na6 40. Ke2 Ke6 41. Ke3 Ke5 42. a3 h5 43. Nc3 Na5 44. a4 Nxb7 45. Ne2 Nac5 46. Nc3 Na5 47. Ke2 f4 48. gxf4+ gxf4 49. h4 Nab3 50. Kf2 Nd4 51. a5 e3+ 52. Kf1 f3 53. Ke1 f2+ 54. Kf1 Ne4 55. Nxe4 Kxe4 56. a6 Kf3 0-1

[Event "GER-chT U20 Girls"]
[Site "Naumburg Saale"]
[Date "2014.12.27"]
[Round "2.2"]
[White "Mangei, Jasmin"]
[Black "Wolff, Marie Antoinette"]
[Result "1-0"]
[WhiteElo "1760"]
[BlackElo "1570"]
[PlyCount "87"]
[EventDate "2014.12.27"]
[EventType "team-swiss"]
[EventRounds "7"]
[EventCountry "GER"]
[SourceTitle "EXT 2016"]
[Source "ChessBase"]
[SourceDate "2015.10.08"]
[SourceVersion "1"]
[SourceVersionDate "2015.10.08"]
[SourceQuality "1"]
[WhiteTeam "Karlsruhe"]
[BlackTeam "Leegebruch"]
[WhiteTeamCountry "GER"]
[BlackTeamCountry "GE2"]

1. e4 c5 2. Nf3 Nc6 3. Bb5 g6 4. 0-0 Bg7 5. d3 d6 6. Bxc6+ bxc6 7. Nbd2 Nf6 8. Re1 0-0 9. e5 Ng4 10. Nc4 d5 11. Na3 Qc7 12. Bf4 Qb6 13. Qc1 c4 14. d4 c5 15. h3 Nxf2 16. Kxf2 cxd4 17. Rb1 Ba6 18. Qd2 d3+ 19. Be3 Qb7 20. cxd3 cxd3 21. Kg1 e6 22. b4 Qd7 23. b5 Bb7 24. Qxd3 a6 25. Qd2 Qe7 26. bxa6 Bxa6 27. Nb5 f6 28. Bd4 Rab8 29. Nc3 Rbc8 30. exf6 Bxf6 31. Nxd5 Bxd4+ 32. Qxd4 Qd8 33. Rxe6 Bc4 34. Ne7+ Kf7 35. Ng5+ Ke8 36. Qxd8+ Rxd8 37. Ree1 Kd7 38. Rbd1+ Kc7 39. Rc1 Rd4 40. Ne6+ Kb6 41. Nxd4 Bxa2 42. Re2 Ra8 43. Rb2+ Ka5 44. Ra1 1-0

[Event "GER-chT U20 Girls"]
[Site "Naumburg Saale"]
[Date "2014.12.27"]
[Round "1.2"]
[White "Wolff, Marie Antoinette"]
[Black "Reyher, Susan"]
[Result "0-1"]
[WhiteElo "1570"]
[BlackElo "1628"]
[PlyCount "40"]
[EventDate "2014.12.27"]
[EventType "team-swiss"]
[EventRounds "7"]
[EventCountry "GER"]
[SourceTitle "EXT 2016"]
[Source "ChessBase"]
[SourceDate "2015.10.08"]
[SourceVersion "1"]
[SourceVersionDate "2015.10.08"]
[SourceQuality "1"]
[WhiteTeam "Leegebruch"]
[BlackTeam "Ruedersdorf"]
[WhiteTeamCountry "GE2"]
[BlackTeamCountry "GER"]

1. c4 e5 2. Nc3 Nf6 3. g3 d5 4. cxd5 Nxd5 5. Bg2 Nb6 6. d3 Nc6 7. Nf3 Be7 8. 0-0 Be6 9. a3 Qd7 10. b4 0-0 11. b5 Na5 12. Bb2 f6 13. a4 c6 14. Nd2 Bh3 15. Ba3 Bxg2 16. Kxg2 Nd5 17. Nce4 Bxa3 18. Rxa3 cxb5 19. Nc5 Qc6 20. axb5 Ne3+ 0-1

[Event "GER-chT Lands U20"]
[Site "Hannover"]
[Date "2014.10.07"]
[Round "7.4"]
[White "Schmekel, Florian"]
[Black "Wolff, Marie Antoinette"]
[Result "1-0"]
[WhiteElo "1789"]
[BlackElo "1714"]
[PlyCount "81"]
[EventDate "2014.10.03"]
[EventType "team-swiss"]
[EventRounds "7"]
[EventCountry "GER"]
[SourceTitle "CBM 162 Extra"]
[Source "ChessBase"]
[SourceDate "2014.10.17"]
[SourceVersion "1"]
[SourceVersionDate "2014.10.17"]
[SourceQuality "1"]
[WhiteTeam "Mecklenburg Vorpommern"]
[BlackTeam "Brandenburg"]
[WhiteTeamCountry "GER"]
[BlackTeamCountry "GER"]

1. d4 d5 2. c4 c6 3. Nf3 Nf6 4. Nc3 e6 5. cxd5 cxd5 6. Bf4 Nbd7 7. e3 Qb6 8. Qc2 a6 9. Bd3 Be7 10. 0-0 0-0 11. Rfc1 Qa7 12. a4 b6 13. Ne5 h6 14. Nc6 Qb7 15. Nxe7+ Kh8 16. Nxc8 Raxc8 17. Qe2 Ra8 18. Na2 b5 19. a5 Rac8 20. Nb4 g5 21. Bg3 Ne4 22. Bxe4 dxe4 23. Rxc8 Rxc8 24. Qd2 Nf6 25. Be5 Kg7 26. Rc1 Kg6 27. Bxf6 Kxf6 28. Rxc8 Qxc8 29. Qc3 Qb7 30. Qc6 Qe7 31. Nd5+ Kg7 32. Nxe7 b4 33. Qxa6 b3 34. Qc6 h5 35. a6 h4 36. a7 g4 37. a8R h3 38. Rg8+ Kh7 39. Qxe4+ f5 40. Qxe6 hxg2 41. Qg6# 1-0

[Event "GER-chT Lands U20"]
[Site "Hannover"]
[Date "2014.10.06"]
[Round "6.4"]
[White "Helmer, Jan"]
[Black "Wolff, Marie Antoinette"]
[Result "1-0"]
[WhiteElo "1651"]
[BlackElo "1714"]
[PlyCount "55"]
[EventDate "2014.10.03"]
[EventType "team-swiss"]
[EventRounds "7"]
[EventCountry "GER"]
[SourceTitle "CBM 162 Extra"]
[Source "ChessBase"]
[SourceDate "2014.10.17"]
[SourceVersion "1"]
[SourceVersionDate "2014.10.17"]
[SourceQuality "1"]
[WhiteTeam "Team Nord"]
[BlackTeam "Brandenburg"]
[WhiteTeamCountry "GER"]
[BlackTeamCountry "GER"]

1. d4 d5 2. c4 c6 3. Nf3 Nf6 4. e3 Nbd7 5. Bd3 dxc4 6. Bxc4 e6 7. 0-0 Be7 8. Nbd2 0-0 9. b3 b5 10. Bd3 Bb7 11. Qc2 a6 12. Ne5 Rc8 13. Qb1 c5 14. Bb2 h6 15. f4 Nxe5 16. fxe5 Nd5 17. Be4 Qb6 18. Qe1 Rc7 19. Qg3 Bg5 20. Rae1 Nxe3 21. Rxe3 Bxe4 22. Nxe4 Bxe3+ 23. Qxe3 c4 24. Nf6+ Kh8 25. Rf3 Rfc8 26. Rh3 gxf6 27. Qxh6+ Kg8 28. Qh8# 1-0

[Event "GER-chT Lands U20"]
[Site "Hannover"]
[Date "2014.10.05"]
[Round "5.5"]
[White "Brandt, Carina"]
[Black "Wolff, Marie Antoinette"]
[Result "1-0"]
[WhiteElo "1886"]
[BlackElo "1714"]
[PlyCount "133"]
[EventDate "2014.10.03"]
[EventType "team-swiss"]
[EventRounds "7"]
[EventCountry "GER"]
[SourceTitle "CBM 162 Extra"]
[Source "ChessBase"]
[SourceDate "2014.10.17"]
[SourceVersion "1"]
[SourceVersionDate "2014.10.17"]
[SourceQuality "1"]
[WhiteTeam "Hamburg"]
[BlackTeam "Brandenburg"]
[WhiteTeamCountry "GER"]
[BlackTeamCountry "GER"]

1. e4 c5 2. c3 d5 3. exd5 Qxd5 4. d4 Nc6 5. Nf3 Bg4 6. Be2 e6 7. Be3 Nf6 8. dxc5 0-0-0 9. Qxd5 Nxd5 10. b4 Nxe3 11. fxe3 Bxf3 12. Bxf3 g6 13. Bxc6 bxc6 14. Rf1 f5 15. Ke2 Bg7 16. a4 a6 17. Ra3 Rd7 18. Nd2 Rhd8 19. Nc4 Kc7 20. Rc1 Kb8 21. Rb3 Kc7 22. Rc2 g5 23. Rd2 Rxd2+ 24. Nxd2 Be5 25. h3 h5 26. Nf3 Bf6 27. c4 e5 28. g4 fxg4 29. hxg4 hxg4 30. Nd2 g3 31. Ne4 g2 32. Kf2 Be7 33. Kxg2 Rh8 34. b5 cxb5 35. cxb5 Rh4 36. b6+ Kb8 37. Kf3 Rh3+ 38. Ke2 Rh2+ 39. Kd3 Ra2 40. c6 Ra3 41. Rxa3 Bxa3 42. Nf6 Bd6 43. Nd7+ Kc8 44. b7+ Kd8 45. b8Q+ Bxb8 46. Nxb8 Kc7 47. Nxa6+ Kxc6 48. Nb4+ Kc5 49. a5 Kb5 50. a6 Kb6 51. Ke2 e4 52. Kf2 Ka7 53. Kg3 Ka8 54. Kg4 Ka7 55. Kxg5 Ka8 56. Kf4 Ka7 57. Kxe4 Kb8 58. Kd5 Ka7 59. e4 Ka8 60. e5 Ka7 61. e6 Ka8 62. e7 Ka7 63. e8Q Kb6 64. Qb8+ Ka5 65. a7 Ka4 66. Nd3 Ka5 67. a8R# 1-0

[Event "GER-chT Lands U20"]
[Site "Hannover"]
[Date "2014.10.05"]
[Round "4.4"]
[White "Stein, Robert"]
[Black "Wolff, Marie Antoinette"]
[Result "1-0"]
[WhiteElo "1885"]
[BlackElo "1714"]
[PlyCount "101"]
[EventDate "2014.10.03"]
[EventType "team-swiss"]
[EventRounds "7"]
[EventCountry "GER"]
[SourceTitle "CBM 162 Extra"]
[Source "ChessBase"]
[SourceDate "2014.10.17"]
[SourceVersion "1"]
[SourceVersionDate "2014.10.17"]
[SourceQuality "1"]
[WhiteTeam "Sachsen Anhalt"]
[BlackTeam "Brandenburg"]
[WhiteTeamCountry "GER"]
[BlackTeamCountry "GER"]

1. e4 c5 2. Nf3 Nc6 3. d4 cxd4 4. Nxd4 d6 5. Nc3 Nf6 6. f3 g6 7. Be3 Bg7 8. Qd2 0-0 9. Bc4 Bd7 10. 0-0-0 Rc8 11. Bb3 Nxd4 12. Bxd4 b5 13. Nd5 Nxd5 14. Bxg7 Kxg7 15. exd5 a5 16. a3 Qc7 17. g4 e6 18. h4 exd5 19. h5 Be6 20. Rde1 a4 21. Ba2 Rfe8 22. Rh2 Kg8 23. hxg6 fxg6 24. Rxe6 Rxe6 25. Qxd5 Rce8 26. Re2 Qe7 27. Qxe6+ Qxe6 28. Rxe6 Rxe6 29. Bxe6+ Kg7 30. Kd2 Kf6 31. Bd7 Kg5 32. Ke3 d5 33. Bxb5 d4+ 34. Ke4 h5 35. gxh5 gxh5 36. Bxa4 h4 37. Bd7 Kh5 38. a4 Kg5 39. a5 Kf6 40. a6 Ke7 41. a7 d3 42. Kxd3 Kxd7 43. a8Q h3 44. Qh8 h2 45. Qxh2 Kc6 46. Qh5 Kb6 47. Kc4 Ka6 48. Qb5+ Ka7 49. Kc5 Ka8 50. Kc6 Ka7 51. Qb7# 1-0

[Event "Berlin Lichtenberger op 13th"]
[Site "Berlin"]
[Date "2014.08.18"]
[Round "3"]
[White "Duijker, Bert"]
[Black "Wolff, Marie Antoinette"]
[Result "1-0"]
[WhiteElo "1926"]
[BlackElo "1707"]
[PlyCount "83"]
[EventDate "2014.08.16"]
[EventType "swiss"]
[EventRounds "9"]
[EventCountry "GER"]
[SourceTitle "CBM 161 Extra"]
[Source "ChessBase"]
[SourceDate "2014.08.29"]
[SourceVersion "1"]
[SourceVersionDate "2014.08.29"]
[SourceQuality "1"]

1. Nf3 c5 2. c4 Nc6 3. d4 cxd4 4. Nxd4 Nf6 5. Nc3 g6 6. e4 d6 7. Be2 Bg7 8. Be3 0-0 9. 0-0 a6 10. f3 Rb8 11. Rc1 Bd7 12. Qd2 Ne8 13. Nd5 Nc7 14. Nxc6 bxc6 15. Nc3 c5 16. b3 Qc8 17. Rfd1 f5 18. Bxc5 dxc5 19. Qxd7 Bd4+ 20. Rxd4 cxd4 21. Qxd4 Ne6 22. Qe5 fxe4 23. Nxe4 Nf4 24. Bf1 Qd7 25. Qc3 Rbd8 26. c5 Nd5 27. Qc4 e6 28. c6 Qc7 29. Qxa6 Qf4 30. Qc4 Rc8 31. b4 Qe3+ 32. Kh1 Kh8 33. b5 Rf5 34. Nd6 Rf4 35. Qc2 Rd4 36. Nxc8 Rd2 37. Qb3 Qf2 38. Nd6 Rb2 39. Ne4 Qd4 40. Qd3 Qb6 41. Nc3 Nf4 42. Qd6 1-0

[Event "Magdeburg op-A"]
[Site "Magdeburg"]
[Date "2014.06.11"]
[Round "6"]
[White "Thumm, Felix"]
[Black "Wolff, Marie Antoinette"]
[Result "1-0"]
[WhiteElo "1726"]
[BlackElo "1628"]
[PlyCount "43"]
[EventDate "2014.06.08"]
[EventType "swiss"]
[EventRounds "9"]
[EventCountry "GER"]
[SourceTitle "CBM 160 Extra"]
[Source "ChessBase"]
[SourceDate "2014.07.01"]
[SourceVersion "1"]
[SourceVersionDate "2014.07.01"]
[SourceQuality "1"]

1. d4 d5 2. Nf3 Nf6 3. e3 e6 4. Bd3 c5 5. b3 Nc6 6. a3 cxd4 7. exd4 Be7 8. Bb2 0-0 9. Nbd2 b6 10. 0-0 Bb7 11. Ne5 Nxe5 12. dxe5 Nd7 13. b4 Rc8 14. f4 a5 15. c3 h6 16. Qg4 Rc7 17. Rf3 Qe8 18. Rg3 g6 19. h4 h5 20. Qxh5 Nb8 21. Bxg6 fxg6 22. Rxg6+ 1-0